Catalog

Record Details

Catalog Search



Psychoterapie : Směry, metody, výzkum Cover Image Book Book

Psychoterapie : Směry, metody, výzkum Stanislav Kratochvíl

Record details

  • Physical Description: 397 s.
  • Edition: Vydání 2
  • Publisher: Praha Avicenum, zdravotnické nakladatelství 1976

Available copies

  • 2 of 2 copies available at Common Catalog SPOK.

Holds

  • 0 current holds with 2 total copies.
Show All Copies
Location Call Number / Copy Notes Barcode Shelving Location Status Due Date
ETS Library 616.891 424470012720 Volný výběr Available -
ETS Library 616.891 424470020836 Volný výběr Available -

LDR 00656nam a2 00241
00135300
003CZ-PrJAB
00520120414000000.0
008120414s1976 xr e |||| |cze
009cz
035 . ‡a(CONS)7618
035 . ‡aKPS13832
040 . ‡aABG450
041 . ‡acze
08214. ‡a616.891
100 . ‡7261 ‡aKratochvíl, Stanislav
245 . ‡aPsychoterapie : ‡bSměry, metody, výzkum ‡cStanislav Kratochvíl
250 . ‡aVydání 2
260 . ‡aPraha ‡bAvicenum, zdravotnické nakladatelství ‡c1976
300 . ‡a397 s.
653 . ‡aPsychoterapie
8524 . ‡bETS ‡bETS ‡cVolný výběr ‡j616.891 ‡gA ‡p424470012720
910 . ‡aABG450
999 . ‡a7618 ‡bAUTOGEN ‡c7618 ‡tbiblio
905 . ‡uadmin
901 . ‡a35300 ‡b ‡c35300 ‡tbiblio ‡sets

Additional Resources